000 00363nam a2200157Ia 4500
100 _aMuthukumaran/B
650 _ainformation technology for management
942 _cBK
366 _f25
245 _aInformation technology for management
260 _bOxford
_c2010
082 _a5.74
_bMUT
300 _a680
546 _aENGLISH
_celectronics
999 _c18975
_d18975